000 01793nam a2200313 i 4500
001 000011265
003 DO-SdBNP
005 20251204095228.0
007 ta
008 091015s1978 dr c 001 p spa d
040 _aDO-SdBNP
_bspa
_cBNPHU
_erda
041 _aspa
082 4 _aRD861.4408
_bM425a
_222
100 1 _aMateo Vásquez, Eddy,
_d1954-
_eautor
_4aut.
_920625
245 1 0 _aAntología literaria de Neyba /
_cEddy Mateo Vásquez.
264 1 _aSanto Domingo :
_bEditora Alfa y Omega,
_c1978.
300 _a317 páginas :
_bilustraciones, retratos ;
_c21 cm.
336 _atexto
_btxt
_2rdacontent
337 _asin mediación
_bn
_2rdamedia
338 _avolumen
_bnc
_2rdacarrier
505 0 _aLiminar --
_gIntroducción --
_tApolinar Perdomo --
_tArmando Sosa Leyba --
_tAngel Hernández Acosta --
_tPedro Caro Pérez --
_tCarlos Alberto Perdomo R. --
_tDiógenes Noboa Leyba --
_tServio A. Pérez Acosta --
_tRafael A Díaz Vásquez --
_tNorvo A Pérez --
_tElia Meriño de Pérez --
_tAltagracia G. Acosta de M. --
_tLucrecia Sosa Leyba --
_tManuel Acosta Sierra --
_tIsmael Perdomo Hijo --
_tAbigail Acosta Matos --
_tEspronceda Pérez Perdomo --
_tManuel Asunción Pachano --
_tFrancisco Acosta Hijo --
_tOnésima Vidal Pérez --
_tJorge Noboa Herasme --
_gOtros literatos de Neyba --
_tLuis Felipe Vidal --
_tDomilio Vásquez G. --
_tAriel Acosta Cuevas --
_gCantores populares --
_tTotoño Acosta --
_tCabo e Vela --
_tCarnavá --
_tAnicete Perdomo --
_tJosé D. Vásquez
590 _aInventariado, 2019 / DG
650 4 _aPoesía dominicana
_9351
_vColecciones
650 4 _aLiteratura dominicana.
_967
650 4 _aAutores dominicanos
_9230
_vBiografías
651 4 _aNeyba República Dominicana
_xAntologías literarias
_926837
910 _aValidado. Control de calidad BNPHU
942 _2ddc
_cLBS1
999 _c10982
_d10982